Skoczkowie którzy byli w czołowej dziesiątce PŚ 2017/18 - Statystyki

Ogólne statystyki
  • Ten quiz został rozwiązany 35 razy
  • Średni wynik to 28 z 35
Statystyki odpowiedzi
Narodowość BP Skoczek % Poprawnych
2 Dawid Kubacki
100%
4 Domen Prevc
100%
1 Kamil Stoch
100%
3 Peter Prevc
100%
1 Stefan Kraft
100%
3 Piotr Żyła
97%
1 Junshirō Kobayashi
94%
8 Maciej Kot
94%
6 Ryōyū Kobayashi
94%
Szwajcaria 3 Simon Ammann
90%
1 Andreas Wellinger
87%
1 Daniel-André Tande
87%
1 Johann André Forfang
87%
Niemcy 2 Markus Eisenbichler
87%
1 Richard Freitag
87%
1 Robert Johansson
87%
Polska 4 Stefan Hula
87%
7 Gregor Deschwanden
84%
3 Michael Hayböck
84%
Japonia 5 Noriaki Kasai
84%
Norwegia 1 Anders Fannemel
81%
6 Karl Geiger
81%
8 Manuel Fettner
77%
6 Daniel Huber
71%
1 Jernej Damjan
71%
10 Robert Kranjec
71%
5 Halvor Egner Granerud
68%
1 Andreas Stjernen
65%
1 Anže Semenič
61%
8 Marius Lindvik
58%
7 Stephan Leyhe
58%
8 Constantin Schmid
55%
Austria 7 Clemens Aigner
52%
Słowenia 5 Tilen Bartol
45%
9 Nejc Dežman
29%
Nie znaleziono quizów pasujących do podanych kryteriów
Rozkład punktacji
Procent ludzi z każdym wynikiem
Percentyl według liczby udzielonych odpowiedzi
Twoja historia wyników
Nie rozwiązałeś tego quizu